Statistics for The Locket Possessors - Harry Potter

Click here to take the quiz!

General Stats

  • This quiz has been taken 79 times
  • The average score is 10 of 15

Answer Stats

Answer% Correct
Harry Potter
95%
Tom Riddle
93%
Ron Weasley
92%
Hermione Granger
89%
Salazar Slytherin
88%
Regulus Black
85%
Dolores Umbridge
84%
Kreacher
79%
Mundungus Fletcher
71%
Marvolo Gaunt
59%
Merope Gaunt
55%
Morfin Gaunt
55%
Hepzibah Smith
47%
Hokey
29%
Caractacus Burke
18%

Score Distribution

Percentile by Number Answered

Percent of People with Each Score

Your Score History

You have not taken this quiz